| 000 | 00686nam a22002297a 4500 | ||
|---|---|---|---|
| 999 |
_c5767 _d5767 |
||
| 001 | 17680 | ||
| 003 | BD-DhUAP | ||
| 005 | 20201221102935.0 | ||
| 008 | 201221r19942006ii a|||| |||| 001 0 eng d | ||
| 020 | _a0074620436 | ||
| 040 |
_aBD-DhUAP _bEng _cBD-DhUAP _dBD-DhUAP |
||
| 082 |
_223 _a631.4 BIW |
||
| 100 | _aBiswas, Tarak Das. | ||
| 245 |
_aTextbook of soil science / _cTarak Das Biswas and S. K. Mukherjee. |
||
| 250 | _a2nd ed. | ||
| 260 |
_aNew Delhi : _bTata McGraw-Hill Publishing, _cc1994 [Reprinted 2006]. |
||
| 300 |
_axi, 433 pages : _billustrations ; _c22 cm. |
||
| 500 | _aIncludes index. | ||
| 650 | _aSoil science. | ||
| 700 | _aMukherjee, S. K. | ||
| 942 |
_2ddc _cBK |
||